W jakim kraju jest lub był ten zabytek? - Statystyki

Ogólne statystyki
  • Ten quiz został rozwiązany 13 razy
  • Średni wynik to 38 z 50
Statystyki odpowiedzi
Zabytek Kraj % Poprawnych
Wielki Mur Chiny
100%
Piramida Cheopsa Egipt
100%
Posąg Zeusa Grecja
100%
Partenon Grecja
100%
Stonehenge Wielka Brytania
100%
Opera w Sydney Australia
91%
Chrystus Zbawiciel Brazylia
91%
Terakotowa Armia Chiny
91%
Zakazany Pałac Chiny
91%
Wieżą Eiffla Francja
91%
Notre Dame Francja
91%
Luwr Francja
91%
Tadż Mahal Indie
91%
Zamek Neuschwanstein Niemcy
91%
Brama Brandenburska Niemcy
91%
Kreml Rosja
91%
Zamek Drakuli Rumunia
91%
Statua Wolności Stany Zjednoczone
91%
Brodway Stany Zjednoczone
91%
Pentagon Stany Zjednoczone
91%
Big Ben Wielka Brytania
91%
Krzywa Wieża w Pizie Włochy
91%
Fontanna Di Trevi Włochy
91%
Latarnia z Faros Egipt
82%
Kolos z Rodos Grecja
82%
Wyrocznia Delficka Grecja
82%
Machu Picchu Peru
82%
Troja Turcja
82%
Hagia Sophia Turcja
82%
Kaplica Sykstyńska Watykan
82%
Circus Maximus Włochy
82%
Świątynia Artemidy Grecja
73%
Wiszące ogrody Irak
73%
Petra Jordania
73%
Angkor Wat Kambodża
73%
Chichén Itzá Meksyk
73%
Kaaba Arabia Saudyjska
64%
Wielka Biblioteka Egipt
64%
Mauzoleum w Halikarnasie Turcja
64%
Globe Theatre Wielka Brytania
64%
Porcelanowa wieża Chiny
55%
Kopalnia Króla Salomona Izrael
55%
Wieża CN Kanada
55%
Galeria Ufizzi Włochy
55%
Alhambra Hiszpania
45%
Zamek Himeji Japonia
45%
Stadion 1 Maja Korea Północna
36%
Borobudur Indonezja
9%
Meczet w Dżenne Mali
9%
Prora Niemcy
9%
Nie znaleziono quizów pasujących do podanych kryteriów
Rozkład punktacji
Procent ludzi z każdym wynikiem
Percentyl według liczby udzielonych odpowiedzi
Twoja historia wyników
Nie rozwiązałeś tego quizu